Pokemon : Les équipes types des champions d’arène de la 1re génération - Statistiques

Statistiques générales
  • Ce quiz a été pris 56 fois
  • Le résultat moyen est 30 sur 48
Statistiques - réponses
Dresseur Pokemon % d’utilisation % Correct
Pierre Onix 100%
95%
Pierre Racaillou / Gravalanch / Grolem 100%
95%
Ondine Staross 100%
88%
Ondine Stari 20%
86%
Bob Raichu 100%
81%
Giovanni Rhinocorne / Rhinoferos / Rhinastoc 94%
79%
Erika Boustiflor / Empiflor 90%
76%
Bob Voltorbe / Electrode 90%
76%
Erika Ortide / Rafflesia 70%
74%
Morgane Alakazam 100%
71%
Morgane Kadabra 30%
71%
Koga Smogo 25%
71%
Koga Smogo 25%
71%
Auguste Magmar / Maganon 70%
69%
Giovanni Nidoqueen 75%
69%
Giovanni Nidorino / Nidoking 75%
69%
Bob Pikachu 20%
69%
Pierre Ptera 30%
69%
Auguste Galopa 90%
67%
Pierre Kabutops 60%
67%
Bob Magneti / Magneton / Magnezone 70%
67%
Ondine Psykokwak / Akwakwak 50%
67%
Pierre Amonistar 60%
64%
Auguste Arcanin 70%
64%
Bob Élektek / Elekable 60%
64%
Erika Saquedeneu / Bouldeneu 100%
64%
Koga Smogogo 50%
64%
Koga Aeromite 75%
62%
Morgane Aeromite 20%
62%
Auguste Feunard 50%
60%
Koga Grotadmorv 88%
60%
Erika Noadkoko 30%
60%
Giovanni Persian 31%
60%
Pierre Rhinocorne / Rhinastoc 30%
57%
Morgane Mr. Mime 80%
55%
Koga Nosferalto / Nostenfer 63%
55%
Ondine Lokhlass 50%
52%
Giovanni Triopikeur 38%
52%
Erika Joliflor 40%
50%
Auguste Pyroli 30%
50%
Bob Voltali 30%
50%
Morgane Lippoutou 40%
40%
Auguste Volcaropod 30%
38%
Giovanni Kangourex 31%
36%
Morgane Mentali 50%
36%
Ondine Tortank 20%
33%
Ondine Maraiste 40%
26%
Erika Cotovol 30%
24%
Aucun quiz correspondant
Distribution des résultats
% des personnes avec chaque résultat
Percentile par nombre de réponses
Votre historique - résultats
Vous n’avez pas pris ce quiz